| 000 | 01494nam a22003254a 4500 | ||
|---|---|---|---|
| 001 | ebr10188367 | ||
| 003 | CaPaEBR | ||
| 006 | m u | ||
| 007 | cr cn||||||||| | ||
| 008 | 061221s2005 si a sb 101 0 eng c | ||
| 010 | _z 2006283964 | ||
| 020 | _z981256523X | ||
| 040 |
_aCaPaEBR _cCaPaEBR |
||
| 035 | _a(OCoLC)228173833 | ||
| 050 | 1 | 4 |
_aQC770 _b.I85 2004eb |
| 111 | 2 |
_aItaly-Japan Symposium "Recent Achievements and Perspectives in Nuclear Physics" _n(5th : _d2004 : _cNaples, Italy) |
|
| 245 | 1 | 0 |
_aRecent achievements and perspectives in nuclear physics _h[electronic resource] : _bproceedings of the 5th Italy-Japan Symposium, Naples, Italy, 3-7 November 2004 / _ceditors, G. La Rana, C. Signorini, S. Shimoura. |
| 246 | 3 | 0 | _aNuclear physics |
| 260 |
_aSingapore ; _aHackensack, NJ : _bWorld Scientific, _cc2005. |
||
| 300 |
_axxvi, 589 p. : _bill. (some col.). |
||
| 504 | _aIncludes bibliographical references and author index. | ||
| 533 |
_aElectronic reproduction. _bPalo Alto, Calif. : _cebrary, _d2013. _nAvailable via World Wide Web. _nAccess may be limited to ebrary affiliated libraries. |
||
| 650 | 0 |
_aNuclear physics _vCongresses. |
|
| 655 | 7 |
_aElectronic books. _2local |
|
| 700 | 1 |
_aLa Rana, G. _q(Giovanni) |
|
| 700 | 1 |
_aSignorini, C. _q(Cosimo), _d1943- |
|
| 700 | 1 |
_aShimoura, S. _q(Susumu) |
|
| 710 | 2 | _aebrary, Inc. | |
| 856 | 4 | 0 |
_uhttp://site.ebrary.com/lib/rucke/Doc?id=10188367 _zAn electronic book accessible through the World Wide Web; click to view |
| 999 |
_c235890 _d235890 |
||